<?xml version="1.0" encoding="UTF-8"?>
<marc:record xmlns:marc="http://www.loc.gov/MARC21/slim">
   <marc:leader>00000nam a2200000 a 4500</marc:leader>
   <marc:datafield ind1="1" ind2=" " tag="100">
      <marc:subfield code="a">Engler, Michael</marc:subfield>
      <marc:subfield code="4">aut</marc:subfield>
      <marc:subfield code="e">Verfasser/-in</marc:subfield>
   </marc:datafield>
   <marc:datafield ind1="0" ind2="0" tag="245">
      <marc:subfield code="a">Mörtel und Maus wollen hoch hinaus</marc:subfield>
   </marc:datafield>
   <marc:datafield ind1="0" ind2="0" tag="245">
      <marc:subfield code="c">Michael Engler, Nina Dulleck</marc:subfield>
   </marc:datafield>
   <marc:datafield ind1=" " ind2="1" tag="264">
      <marc:subfield code="a">Köln</marc:subfield>
      <marc:subfield code="b">Baumhaus</marc:subfield>
      <marc:subfield code="c">2021</marc:subfield>
   </marc:datafield>
   <marc:datafield ind1="1" ind2=" " tag="520">
      <marc:subfield code="a">Mörtel lebt mit seiner Familie in den Zwischenwänden eines alten Hauses. Denn Mörtel ist ein Wichtel und zudem noch ziemlich neugierig! Seine beste Freundin heißt Maus, und zusammen wollen sie Helden werden. Doch dann kommt alles anders, und Mörtel und Maus geraten auf eine ganz und gar ungeplante Reise, bei der sie mit einem Papierflieger durch die Luft schweben, sich mit fiesen Ratten anlegen und sogar in einem Aquarium Schiffbruch erleiden. Einzig und allein um das wiederzufinden, was wirklich wichtig ist: ihre Familie.</marc:subfield>
   </marc:datafield>
   <marc:datafield ind1=" " ind2=" " tag="020">
      <marc:subfield code="a">9783833906794</marc:subfield>
      <marc:subfield code="9">9783833906794</marc:subfield>
   </marc:datafield>
   <marc:datafield ind1=" " ind2=" " tag="020">
      <marc:subfield code="a">3833906790</marc:subfield>
      <marc:subfield code="9">3833906790</marc:subfield>
   </marc:datafield>
   <marc:datafield ind1=" " ind2=" " tag="041">
      <marc:subfield code="a">ger</marc:subfield>
   </marc:datafield>
   <marc:datafield ind1=" " ind2=" " tag="300">
      <marc:subfield code="a">127 Seiten</marc:subfield>
   </marc:datafield>
</marc:record>
